000 00337nam a2200145 a 4500
008 010910s1976||||xx 0 und c
040 _aSNK
_bslo
_cSNK
_eAACR2
100 1 _aCarulli - Carcassi
245 1 0 _aGitarová škola
260 _aBratislava
_bOpus
_c1976
300 _a156 s.
020 _c27
041 _aslo
044 _axo
_cSK
999 _c15245
_d15245